[Event "European Blitz 2017"]
[Site "Katowice POL"]
[Date "2017.12.15"]
[Round "7.96"]
[White "Paszewski, Mateusz"]
[Black "Ruotanen, Helge"]
[Result "1-0"]
[WhiteTitle "FM"]
[WhiteElo "2307"]
[BlackElo "1911"]
[WhiteFideId "1141058"]
[BlackFideId "501883"]
[EventDate "2017.12.15"]
[EventType "blitz"]

1. e4 g6 2. d4 Bg7 3. Nf3 d6 4. Bc4 Nc6 5. c3 Nf6 6. Qe2 O-O 7. e5 Ne8 8. O-O d5
9. Bb3 h6 10. h3 Be6 11. Na3 a6 12. Nc2 Qd7 13. a4 Kh7 14. Nce1 Bh8 15. Nd3 Ng7
16. Nc5 Qc8 17. a5 Nb8 18. Nxe6 Qxe6 19. Bxh6 Kg8 20. Bd2 Qd7 21. Qe3 e6 22. g4
Nc6 23. Qh6 f5 24. Ng5 Ne8 25. Qxg6+ Qg7 26. gxf5 Qxg6 27. fxg6 Ng7 28. f4 Rf5
29. Kg2 Re8 30. Bc2 Rff8 31. Bd1 Ne7 32. Nh7 Rf5 33. Bg4 Nxg6 34. Bxf5 Nxf5 35.
Ng5 Bg7 36. Rac1 Bh6 37. c4 c6 38. cxd5 exd5 39. Kf3 Nxd4+ 40. Kg4 Nb3 41. Rcd1
Bf8 42. h4 Nxd2 43. Rxd2 Bb4 44. Re2 Bxa5 45. h5 Ne7 46. f5 d4 47. f6 Kf8 48.
fxe7+ Kxe7 49. Rf7+ Kd8 50. Re4 Bb6 51. Rxb7 Bc5 52. Rh7 d3 53. Ne6+ 1-0

[Event "European Blitz 2017"]
[Site "Katowice POL"]
[Date "2017.12.15"]
[Round "7.97"]
[White "Fistek, Dariusz"]
[Black "Sliwicka, Alicja"]
[Result "0-1"]
[BlackTitle "WFM"]
[WhiteElo "2218"]
[BlackElo "2337"]
[WhiteFideId "1132210"]
[BlackFideId "1150677"]
[EventDate "2017.12.15"]
[EventType "blitz"]

1. e4 Nf6 2. d4 c5 3. c4 b5 4. d5 a6 5. cxb5 a5 6. Nc3 g6 7. Nf3 d6 8. g3 Bg7 9.
Bg2 O-O 10. O-O Nbd7 11. Qc2 Qb6 12. Rb1 Ne8 13. Bd2 Nc7 14. b3 Nf6 15. e5 dxe5
16. Nxe5 Nfxd5 17. Nc4 Ne3 18. Nxe3 e6 19. Rb2 0-1

[Event "European Blitz 2017"]
[Site "Katowice POL"]
[Date "2017.12.15"]
[Round "7.98"]
[White "Malinowski, Damian"]
[Black "Orndahl, Markus"]
[Result "0-1"]
[WhiteElo "2032"]
[BlackElo "2182"]
[WhiteFideId "1157140"]
[BlackFideId "1709135"]
[EventDate "2017.12.15"]
[EventType "blitz"]

1. c4 Nf6 2. Nc3 c6 3. e4 d6 4. g3 g6 5. Bg2 Bg7 6. Nge2 a6 7. a4 a5 8. O-O O-O
9. d3 Na6 10. h3 e5 11. Be3 Re8 12. b3 h6 13. Qd2 Kh7 14. Rab1 Be6 15. f4 exf4
16. Nxf4 Bc8 17. d4 Nb4 18. Rbe1 Qc7 19. Nd3 Bd7 20. Bf4 Nh5 21. Be3 Nxd3 22.
Qxd3 Nxg3 23. Rxf7 Rf8 24. Rxf8 Rxf8 25. Bxh6 Bxh6 26. Qxg3 Qb6 27. Ne2 Qb4 28.
Rf1 Rxf1+ 29. Kxf1 Be6 30. d5 cxd5 31. exd5 Bf5 32. Bf3 Qxb3 33. Bg4 Qxg3 34.
Nxg3 Bd3+ 35. Be2 Bc2 36. Ne4 Bxe4 37. Bg4 b6 0-1

[Event "European Blitz 2017"]
[Site "Katowice POL"]
[Date "2017.12.15"]
[Round "8.1"]
[White "Navara, David"]
[Black "Gajewski, Grzegorz"]
[Result "1-0"]
[WhiteTitle "GM"]
[BlackTitle "GM"]
[WhiteElo "2740"]
[BlackElo "2601"]
[WhiteFideId "309095"]
[BlackFideId "1116207"]
[EventDate "2017.12.15"]
[EventType "blitz"]

1. e4 c5 2. Nf3 e6 3. d4 cxd4 4. Nxd4 a6 5. Bd3 Bc5 6. Nb3 Be7 7. O-O d6 8. Qg4
g6 9. Qe2 Nd7 10. Na3 Ne5 11. f4 Nxd3 12. cxd3 Nf6 13. Be3 b5 14. Kh1 O-O 15.
Rac1 e5 16. f5 gxf5 17. Bh6 f4 18. g3 Bg4 19. Qd2 Re8 20. gxf4 Kh8 21. Nc2 Rg8
22. Ne3 Be6 23. Rg1 exf4 24. Rxg8+ Qxg8 25. Rg1 fxe3 26. Rxg8+ Rxg8 27. Bxe3 Ng4
28. Bd4+ Ne5 29. Qf4 Bg4 30. h3 Bh5 31. Bxe5+ 1-0

[Event "European Blitz 2017"]
[Site "Katowice POL"]
[Date "2017.12.15"]
[Round "8.3"]
[White "McShane, Luke J"]
[Black "Rausis, Igors"]
[Result "1-0"]
[WhiteTitle "GM"]
[BlackTitle "GM"]
[WhiteElo "2640"]
[BlackElo "2632"]
[WhiteFideId "404853"]
[BlackFideId "11600098"]
[EventDate "2017.12.15"]
[EventType "blitz"]

1. e4 c6 2. d4 d5 3. e5 c5 4. dxc5 e6 5. Nf3 Bxc5 6. Bd3 Ne7 7. O-O Ng6 8. Nbd2
Nc6 9. Nb3 Bb6 10. Qe2 Qc7 11. Re1 Bd7 12. Bd2 a5 13. c3 O-O 14. Nbd4 Bxd4 15.
cxd4 Nb4 16. Rac1 Qb6 17. Bb1 Bb5 18. Qe3 Rac8 19. h4 Ne7 20. Qg5 Nf5 21. Bxb4
axb4 22. Bxf5 h6 23. Qd2 exf5 24. Qxb4 Qa6 25. a3 Rfd8 26. e6 fxe6 27. Ne5 Bc6
28. Qe7 Re8 29. Qf7+ Kh7 30. Qg6+ Kg8 31. Nf7 Kf8 32. Nd6 Bd7 33. Qf7# 1-0

[Event "European Blitz 2017"]
[Site "Katowice POL"]
[Date "2017.12.15"]
[Round "8.5"]
[White "Fedorov, Alexei"]
[Black "Buhmann, Rainer"]
[Result "0-1"]
[WhiteTitle "GM"]
[BlackTitle "GM"]
[WhiteElo "2573"]
[BlackElo "2584"]
[WhiteFideId "13500465"]
[BlackFideId "4651340"]
[EventDate "2017.12.15"]
[EventType "blitz"]

1. e4 e5 2. Nf3 Nc6 3. Bc4 Nf6 4. d3 Be7 5. O-O O-O 6. Re1 d6 7. a4 Na5 8. Ba2
c5 9. c3 a6 10. h3 Bd7 11. d4 Qc7 12. Nbd2 b5 13. dxe5 dxe5 14. axb5 axb5 15.
Nf1 c4 16. Bg5 Rfd8 17. Qc2 Bc6 18. Ng3 g6 19. Rad1 Nb7 20. Bb1 Nc5 21. Qe2 Ne6
22. Bh6 Bf8 23. Qe3 Bc5 24. Qe2 Nd7 25. Nh4 Bf8 26. Qe3 Nf4 27. Bxf8 Nxf8 28.
Nf3 N8e6 29. Kh2 f6 30. Nf1 Be8 31. g3 Nh5 32. Kg2 Qc5 33. Qc1 Bc6 34. Ne3 Kg7
35. Ng4 Qf8 36. Ne3 Rxd1 37. Rxd1 Rd8 38. Nd5 Bxd5 39. exd5 Nc5 40. Qe3 Qd6 41.
Bc2 Kg8 42. Rd2 Ng7 43. Nh2 Nf5 44. Qf3 Ne7 45. Ng4 f5 46. Ne3 e4 47. Qd1 Nd3
48. b3 Nxd5 49. Nxd5 Qxd5 50. Kg1 Qc5 51. bxc4 bxc4 52. Qb1 e3 53. Re2 exf2+ 54.
Kh2 Ne1 55. Rxe1 fxe1=R 56. Qxe1 Kf7 57. Bd1 Qd5 58. Be2 Qd2 59. Qf2 Kg7 60. Kg1
Re8 61. Qa7+ Kh6 62. Bf1 Qe3+ 63. Qxe3+ Rxe3 64. Kf2 Rxc3 0-1

[Event "European Blitz 2017"]
[Site "Katowice POL"]
[Date "2017.12.15"]
[Round "8.6"]
[White "Georgiev, Kiril"]
[Black "Stupak, Kirill"]
[Result "1/2-1/2"]
[WhiteTitle "GM"]
[BlackTitle "GM"]
[WhiteElo "2623"]
[BlackElo "2588"]
[WhiteFideId "2900017"]
[BlackFideId "13503758"]
[EventDate "2017.12.15"]
[EventType "swiss"]

1. d4 Nf6 2. Nf3 b6 3. c4 Bb7 4. g3 g6 5. Bg2 Bg7 6. O-O O-O 7. Nc3 Ne4 8. Nd5
e6 9. Nf4 Qc8 10. Qc2 Nf6 11. Rd1 Be4 12. Qb3 d6 13. Be3 Re8 14. Rac1 c5 15.
dxc5 dxc5 16. Rd2 Nc6 17. Rcd1 Ng4 18. h3 Na5 19. Qa4 Nxe3 20. fxe3 Bc6 21. Qc2
Qc7 22. b3 Rad8 23. Ne1 Rxd2 24. Qxd2 Bf6 25. Bxc6 Nxc6 26. Qd7 Re7 27. Qxc7
Rxc7 28. Kf2 Kf8 29. Ned3 h5 30. Rd2 Ke7 31. Rd1 Rc8 32. Kf3 Bg7 33. Rh1 Rd8 34.
g4 hxg4+ 35. hxg4 a6 36. Rh7 Kf8 37. Rh1 a5 38. Ke4 Ke7 39. Rh7 Kf8 40. Rh1 Nb4
41. a3 Nc2 42. a4 Ke7 43. Rc1 Nb4 44. Nxb4 axb4 45. Nd3 Ra8 46. Rh1 Bc3 47. Kf3
Kf6 48. Rh7 Ke7 49. Nf4 Kf8 50. Nd3 Ke7 51. e4 Kf8 52. Rh1 Kg7 53. e3 Kf6 54.
Kf4 e5+ 55. Kf3 Ke6 56. Nf2 Rd8 57. Rd1 Rh8 58. Kg3 Ke7 59. Rd5 Ra8 60. Nd3 Ke6
61. Kg2 Ba1 62. Ne1 Bc3 63. Nf3 Ba1 64. Ng5+ Ke7 65. Nf3 Ke6 66. Kf2 Bc3 67. Kg3
Bb2 68. Rd2 Bc3 69. Rd3 Bb2 70. Rd1 Bc3 71. Ng5+ Ke7 72. Rf1 f6 73. Nh7 Rd8 74.
Nxf6 Rd3 75. Nd5+ Ke8 76. Kf3 Rd2 77. Rb1 Kd7 78. Nxb6+ Kc6 79. Nd5 Ra2 80. Ne7+
Kd7 81. Nxg6 Ke6 82. Nh4 Bd2 83. Nf5 Rc2 84. g5 Bc1 85. g6 Kf6 86. g7 Kf7 87. a5 1/2-1/2

[Event "European Blitz 2017"]
[Site "Katowice POL"]
[Date "2017.12.15"]
[Round "8.7"]
[White "Ladva, Ottomar"]
[Black "Fridman, Daniel"]
[Result "1-0"]
[WhiteTitle "GM"]
[BlackTitle "GM"]
[WhiteElo "2522"]
[BlackElo "2633"]
[WhiteFideId "4500024"]
[BlackFideId "11600454"]
[EventDate "2017.12.15"]
[EventType "blitz"]

1. Nf3 d5 2. g3 Nf6 3. Bg2 c5 4. O-O e6 5. d4 cxd4 6. Nxd4 h6 7. c4 e5 8. Nf3 e4
9. Nfd2 e3 10. fxe3 Be6 11. Nc3 Nc6 12. Rxf6 Qxf6 13. cxd5 Bd7 14. dxc6 Bxc6 15.
Bxc6+ Qxc6 16. Qa4 Qxa4 17. Nxa4 O-O-O 18. Nc3 Bb4 19. Kf2 Rhe8 20. Nf3 Bxc3 21.
bxc3 Rd1 22. Bb2 Rxa1 23. Bxa1 Re6 24. c4 Ra6 25. Bxg7 h5 26. Ne5 f5 27. e4 fxe4
28. h4 Rxa2 29. g4 hxg4 30. Nxg4 Kd7 31. h5 Ke6 32. Ne5 Ra3 33. Kg2 Re3 34. h6
Rxe2+ 35. Kg3 Re3+ 36. Kg4 Re1 37. h7 Rh1 38. h8=Q Rxh8 39. Bxh8 a5 40. Kf4 a4
41. Kxe4 Kd6 42. Nd3 Kc6 43. Bd4 a3 44. Nb4+ 1-0

[Event "European Blitz 2017"]
[Site "Katowice POL"]
[Date "2017.12.15"]
[Round "8.8"]
[White "Pavlidis, Antonios"]
[Black "Kuzmicz, Krystian"]
[Result "1-0"]
[WhiteTitle "GM"]
[BlackTitle "IM"]
[WhiteElo "2539"]
[BlackElo "2460"]
[WhiteFideId "4212312"]
[BlackFideId "1119125"]
[EventDate "2017.12.15"]
[EventType "blitz"]

1. e4 c5 2. Nf3 Nc6 3. Bb5 a6 4. Bxc6 dxc6 5. d3 Qc7 6. a4 a5 7. Be3 e5 8. Nbd2
Bd6 9. Nc4 Ne7 10. Nfd2 Be6 11. O-O O-O 12. Kh1 Ng6 13. f3 Qe7 14. Nxd6 Qxd6 15.
Qe1 b6 16. Qf2 Ne7 17. f4 exf4 18. Bxf4 Qd7 19. Qg3 Ng6 20. Bc7 Ra6 21. b3 Rc8
22. Bd6 Rd8 23. e5 f5 24. Rf2 Raa8 25. Nf3 Bd5 26. Nh4 Nxh4 27. Qxh4 Be6 28.
Raf1 Re8 29. Kg1 Qf7 30. Rf3 Ra7 31. R1f2 Rd7 32. Rg3 Kh8 33. Qf4 h6 34. Rh3 Kh7
35. Rff3 Rg8 36. Rfg3 Qe8 37. Rg5 Qd8 38. Rgh5 Kg6 39. g4 fxg4 40. Rxh6+ gxh6
41. Rxh6+ Kg7 42. Rxe6 Qh4 43. Rf6 Rgd8 44. Kg2 Rh8 45. Rf5 Qh3+ 46. Kg1 Rh6 47.
Rg5+ Kh8 48. Qf8+ 1-0

[Event "European Blitz 2017"]
[Site "Katowice POL"]
[Date "2017.12.15"]
[Round "8.9"]
[White "Kazakovskiy, Valeriy"]
[Black "Saric, Ante"]
[Result "1-0"]
[WhiteTitle "IM"]
[BlackTitle "GM"]
[WhiteElo "2422"]
[BlackElo "2540"]
[WhiteFideId "13507443"]
[BlackFideId "14506254"]
[EventDate "2017.12.15"]
[EventType "blitz"]

1. d4 Nf6 2. Nf3 d5 3. c4 e6 4. g3 Bb4+ 5. Bd2 Be7 6. Bg2 c6 7. Qc2 b6 8. O-O
Ba6 9. Ne5 Nfd7 10. cxd5 cxd5 11. Nxd7 Qxd7 12. Nc3 Nc6 13. Qa4 Bb7 14. Rfd1 a6
15. Bf4 b5 16. Qc2 Rc8 17. Qd3 O-O 18. h4 Na5 19. a3 Nc4 20. Rab1 a5 21. h5 b4
22. axb4 axb4 23. Na2 Ra8 24. Nc1 Ba6 25. Qf3 Nd6 26. Nd3 Bxd3 27. Qxd3 h6 28.
Qf3 Ra6 29. Qg4 f5 30. Qf3 Ne4 31. Qd3 Rfa8 32. Bf3 Ra2 33. e3 Rc8 34. g4 fxg4
35. Bxe4 dxe4 36. Qxe4 Qd5 37. Qg6 Qf5 38. Qxf5 exf5 39. d5 Bf6 40. d6 Ra7 41.
b3 Rd7 42. Rd5 Kf7 43. Rxf5 Ke6 44. Rb5 Bc3 45. Rd1 Ra8 46. Rc5 Ra3 47. Rb1 Ra6
48. Rc4 Ra3 49. Re4+ Kf7 50. Bg3 Raa7 51. Rxg4 Ra3 52. Rc4 Ke6 53. Rc7 Ra7 54.
e4 Be5 55. Rxa7 Rxa7 56. Bxe5 Kxe5 57. Rd1 Rd7 58. f3 Ke6 59. Kf2 Ke5 60. Ke3
Ke6 61. f4 Kf6 62. e5+ Kf5 63. Rc1 g6 64. hxg6 Kxg6 65. Rc7 Rd8 66. Ke4 h5 67.
f5+ Kh6 68. d7 Kg7 69. e6 Kf6 70. Rc8 1-0

[Event "European Blitz 2017"]
[Site "Katowice POL"]
[Date "2017.12.15"]
[Round "8.10"]
[White "Rodshtein, Maxim"]
[Black "Arnaudov, G. Petar"]
[Result "1-0"]
[WhiteTitle "GM"]
[BlackTitle "GM"]
[WhiteElo "2699"]
[BlackElo "2439"]
[WhiteFideId "2806851"]
[BlackFideId "2907127"]
[EventDate "2017.12.15"]
[EventType "blitz"]

1. d4 Nf6 2. c4 Nc6 3. f3 e5 4. d5 Bb4+ 5. Bd2 Bxd2+ 6. Qxd2 Ne7 7. e4 d6 8. Nc3
Ng6 9. O-O-O a6 10. h4 h6 11. Kb1 Bd7 12. g3 O-O 13. h5 Ne7 14. f4 Ng4 15. Nf3
Kh8 16. Rh4 f5 17. exf5 Bxf5+ 18. Ka1 b5 19. Bh3 Qd7 20. fxe5 Nxe5 21. Nxe5 dxe5
22. g4 Bh7 23. g5 Bf5 24. gxh6 Bxh3 25. hxg7+ Kxg7 26. Ne4 Ng8 27. h6+ Kh8 28.
Qg5 Bf5 29. Rg1 Rf7 30. Qg7+ 1-0

[Event "European Blitz 2017"]
[Site "Katowice POL"]
[Date "2017.12.15"]
[Round "8.11"]
[White "Pulpan, Jakub"]
[Black "Ponkratov, Pavel"]
[Result "0-1"]
[WhiteTitle "IM"]
[BlackTitle "GM"]
[WhiteElo "2400"]
[BlackElo "2613"]
[WhiteFideId "302759"]
[BlackFideId "4157800"]
[EventDate "2017.12.15"]
[EventType "blitz"]

1. e4 c5 2. Nf3 b6 3. Nc3 Bb7 4. d4 cxd4 5. Nxd4 a6 6. Bg5 Qc7 7. Be2 e6 8. O-O
Bb4 9. Bf3 Bxc3 10. bxc3 Nc6 11. Rb1 Ne5 12. Bf4 d6 13. Rb3 Nf6 14. Re1 O-O 15.
Bg5 Nfd7 16. Bh4 Nc5 17. Rb4 b5 18. Re3 Rac8 19. Bg3 Rfd8 20. Qe1 Na4 21. Rb3
Nb6 22. Be2 Nbc4 23. Bxc4 Nxc4 24. Rd3 Qc5 25. a4 Na5 26. Rb4 bxa4 27. Rxa4 Nc4
28. Nb3 Qc6 29. Ra1 Qxe4 30. Qxe4 Bxe4 31. Rd4 Bxc2 32. Na5 Nxa5 33. Rxa5 d5 34.
Rxa6 Rxc3 35. h4 h6 36. Be5 Rc4 37. Rxc4 dxc4 38. Rc6 Bd3 39. Rb6 f6 40. Bc3 Bf5
41. f3 Rd3 42. Ba5 c3 43. Kh2 c2 0-1

[Event "European Blitz 2017"]
[Site "Katowice POL"]
[Date "2017.12.15"]
[Round "8.12"]
[White "Michalik, Peter"]
[Black "Skliarov, Viktor"]
[Result "1-0"]
[WhiteTitle "GM"]
[BlackTitle "IM"]
[WhiteElo "2557"]
[BlackElo "2353"]
[WhiteFideId "14907526"]
[BlackFideId "14106736"]
[EventDate "2017.12.15"]
[EventType "blitz"]

1. d4 Nf6 2. c4 e6 3. Nf3 b6 4. g3 Bb7 5. Bg2 Be7 6. O-O O-O 7. Nc3 Ne4 8. Bd2
Nxd2 9. Qxd2 d6 10. e4 Nd7 11. Rad1 e5 12. Nd5 Bf6 13. Rfe1 a5 14. Bh3 Bxd5 15.
cxd5 exd4 16. Nxd4 Nc5 17. Nc6 Qe8 18. b3 g6 19. Qc2 Bg7 20. a3 Nd7 21. f4 Nb8
22. Nd4 Qe7 23. Kh1 h5 24. Bg2 Re8 25. e5 Nd7 26. Nc6 Qf8 27. Bh3 f5 28. exf6
Nxf6 29. Qxg6 Qf7 30. Be6 Rxe6 31. Qxf7+ 1-0

[Event "European Blitz 2017"]
[Site "Katowice POL"]
[Date "2017.12.15"]
[Round "8.13"]
[White "Moranda, Wojciech"]
[Black "Stocek, Jiri"]
[Result "1/2-1/2"]
[WhiteTitle "GM"]
[BlackTitle "GM"]
[WhiteElo "2593"]
[BlackElo "2566"]
[WhiteFideId "1122401"]
[BlackFideId "304760"]
[EventDate "2017.12.15"]
[EventType "blitz"]

1. d4 Nf6 2. c4 c5 3. d5 b5 4. cxb5 a6 5. e3 g6 6. Nc3 Bg7 7. a4 O-O 8. e4 d6 9.
Nf3 Bg4 10. h3 Bxf3 11. Qxf3 Qa5 12. Bd2 Qb4 13. Rb1 Nbd7 14. bxa6 c4 15. Be2
Rxa6 16. O-O Nc5 17. Rfd1 Raa8 18. Qe3 Nxa4 19. e5 dxe5 20. Nxa4 Qxa4 21. Qxe5
Rfd8 22. Bc3 Ra7 23. Qf4 Nxd5 24. Qe4 Bxc3 25. Rxd5 Rxd5 26. Qxd5 Rd7 27. Qxc4
Qxc4 28. Bxc4 Rb7 29. b3 Bd4 30. Rd1 e5 31. Kf1 Ra7 32. Rd2 Ra1+ 33. Ke2 Rc1 34.
f4 Rb1 35. fxe5 Rb2 36. e6 fxe6 37. Bxe6+ Kf8 38. Rxb2 Bxb2 39. Kd3 Ke7 40. Bg8
h6 41. b4 Kd6 42. Bf7 g5 43. Ke4 Bc3 44. b5 Kc5 45. Be8 Bd2 46. Kf5 Bc1 47. Kg6
g4 48. hxg4 1/2-1/2

[Event "European Blitz 2017"]
[Site "Katowice POL"]
[Date "2017.12.15"]
[Round "8.14"]
[White "Demidov, Mikhail"]
[Black "Luch, Michal"]
[Result "1-0"]
[WhiteTitle "IM"]
[BlackTitle "IM"]
[WhiteElo "2523"]
[BlackElo "2398"]
[WhiteFideId "4197143"]
[BlackFideId "1120042"]
[EventDate "2017.12.15"]
[EventType "blitz"]

1. d4 Nf6 2. Nf3 e6 3. c4 d5 4. e3 dxc4 5. Bxc4 a6 6. O-O c5 7. Bd3 Nc6 8. Nc3
Be7 9. dxc5 Bxc5 10. a3 O-O 11. b4 Be7 12. Bb2 b5 13. Qc2 Bb7 14. Rfd1 Qb6 15.
Ne4 Nxe4 16. Bxe4 h6 17. Rd7 Rac8 18. Qb3 Rc7 19. Rxc7 Qxc7 20. Rc1 Qb6 21. Bxc6
Bxc6 22. Bxg7 Bxf3 23. Bxf8 Bd5 24. Qxd5 exd5 25. Bxe7 Qe6 26. Bc5 Qe4 27. Bd4
Qd3 28. Ra1 f5 29. g3 h5 30. h4 Kf7 31. Kh2 Qc2 32. Kg2 Qe4+ 33. Kg1 Qc2 34. Bc5
Ke6 35. Bd4 f4 36. exf4 Kf5 37. Re1 Qd2 38. Re5+ Kg4 39. Be3 Qd1+ 40. Kg2 Qf3+
41. Kh2 Qd1 42. f5 d4 43. Re4+ Kxf5 44. Rxd4 Qa1 45. Rd5+ Kg4 46. Rg5+ Kf3 47.
Rxh5 Qxa3 48. Rf5+ Ke2 49. Rf4 Kf1 50. g4 Qd3 51. h5 Qd5 52. Kg3 Qd6 53. g5 Qd5
54. Rg4 Qe5+ 55. Kh3 Qf5 56. h6 Qf3+ 57. Kh4 Qh1+ 58. Kg3 Qg2+ 59. Kf4 Qd5 60.
g6 Qd6+ 61. Kf5 Qd5+ 62. Kf4 Qd6+ 63. Kf3 Qd5+ 64. Kg3 Qe5+ 65. Bf4 Qc3+ 66. Kh4
Qf6+ 67. Kg3 Qc3+ 68. f3 Qc2 69. g7 Qg2+ 70. Kh4 Qxf3 71. g8=Q Qh1+ 72. Kg5 1-0

[Event "European Blitz 2017"]
[Site "Katowice POL"]
[Date "2017.12.15"]
[Round "8.15"]
[White "Alekseev, Evgeny"]
[Black "Kanarek, Marcel"]
[Result "1-0"]
[WhiteTitle "GM"]
[BlackTitle "GM"]
[WhiteElo "2616"]
[BlackElo "2505"]
[WhiteFideId "4138147"]
[BlackFideId "1126822"]
[EventDate "2017.12.15"]
[EventType "blitz"]

1. Nf3 Nf6 2. c4 g6 3. Nc3 Bg7 4. g3 O-O 5. Bg2 d6 6. d4 c5 7. O-O Nc6 8. dxc5
dxc5 9. Be3 Be6 10. Bxc5 Bxc4 11. Qa4 b5 12. Nxb5 Bxe2 13. Rfe1 Qd3 14. Nfd4
Nxd4 15. Nxd4 Rac8 16. Rac1 Bg4 17. Nc6 Kh8 18. Ne5 Qf5 19. f3 Bh3 20. g4 Qg5
21. Bxh3 Nd5 22. Qe4 Nf4 23. Bf1 h5 24. h4 Qxh4 25. Qxf4 Rxc5 26. Rxc5 Qxe1 27.
Nd3 Qe6 28. gxh5 Qb6 29. Kh1 gxh5 30. Rxh5+ Kg8 31. Qg3 Qg6 32. Qxg6 fxg6 33.
Rh3 1-0

[Event "European Blitz 2017"]
[Site "Katowice POL"]
[Date "2017.12.15"]
[Round "8.16"]
[White "Berchtenbreiter, Maximilian"]
[Black "Zwardon, Vojtech"]
[Result "1/2-1/2"]
[WhiteTitle "IM"]
[BlackTitle "IM"]
[WhiteElo "2387"]
[BlackElo "2408"]
[WhiteFideId "24641120"]
[BlackFideId "325511"]
[EventDate "2017.12.15"]
[EventType "blitz"]

1. e4 c5 2. Nc3 Nc6 3. Nge2 g6 4. h4 Nf6 5. d3 Bg7 6. Nf4 h6 7. Be3 d6 8. Be2 b5
9. Nxb5 Rb8 10. Nc3 Rxb2 11. O-O Qa5 12. Ncd5 Nxd5 13. Nxd5 e6 14. Bd2 Qa4 15.
Ne3 Rxa2 16. Rxa2 Qxa2 17. Nc4 O-O 18. Nxd6 Nd4 19. Be3 Ba6 20. h5 g5 21. f4
Qxc2 22. Qxc2 Nxc2 23. Bxc5 Bd4+ 24. Bxd4 Nxd4 25. Bg4 Bxd3 26. Rd1 Be2 27. Rxd4
Bxg4 28. fxg5 hxg5 29. Ra4 Ra8 30. h6 Bh5 31. Ra5 Bg6 32. e5 Kh7 33. Nb5 Kxh6
34. Kf2 Bd3 35. Rxa7 Rxa7 36. Nxa7 Kg6 37. Ke3 Bf1 38. g4 Bg2 39. Nc8 Kg7 40.
Nd6 Bc6 41. Nc4 Ba4 42. Kf3 Bd1+ 43. Kg3 Kf8 44. Nd2 Kg7 45. Nc4 Bc2 46. Kf3
Bd1+ 47. Kg3 f5 48. exf6+ Kxf6 49. Nd6 Bc2 50. Nc4 Bd3 51. Nd2 Bc2 52. Kf3 Ke5
53. Nc4+ Kd4 54. Nd6 Bd1+ 55. Kg3 e5 56. Nf7 e4 57. Nxg5 e3 58. Ne6+ Ke4 59. Nf4
Bxg4 1/2-1/2

[Event "European Blitz 2017"]
[Site "Katowice POL"]
[Date "2017.12.15"]
[Round "8.17"]
[White "Bosiocic, Marin"]
[Black "Miezis, Normunds"]
[Result "1-0"]
[WhiteTitle "GM"]
[BlackTitle "GM"]
[WhiteElo "2624"]
[BlackElo "2434"]
[WhiteFideId "14507927"]
[BlackFideId "11600136"]
[EventDate "2017.12.15"]
[EventType "blitz"]

1. d4 Nf6 2. Bg5 c6 3. Nc3 d5 4. e3 Nbd7 5. Nf3 b5 6. Bd3 h6 7. Bh4 e6 8. a3 a5
9. e4 b4 10. axb4 Bxb4 11. exd5 cxd5 12. O-O O-O 13. Ne2 Qb6 14. c3 Bd6 15. Ra2
Ne4 16. Bg3 Nxg3 17. hxg3 Nf6 18. Qc2 Bb7 19. Rfa1 Ne4 20. Nf4 Rfc8 21. Qe2 Qc7
22. Qe3 Bc6 23. Nd2 Qb7 24. Bxe4 dxe4 25. Nc4 Bc7 26. Nxa5 Bxa5 27. Rxa5 Rxa5
28. Rxa5 Qxb2 29. Kh2 Qb3 30. Rc5 Qb7 31. c4 Ra8 32. d5 exd5 33. cxd5 Bd7 34.
Qxe4 Ra1 35. Ne2 Qb4 36. Qxb4 1-0

[Event "European Blitz 2017"]
[Site "Katowice POL"]
[Date "2017.12.15"]
[Round "8.18"]
[White "Kreisl, Robert"]
[Black "Kovalev, Denis"]
[Result "1/2-1/2"]
[WhiteTitle "IM"]
[BlackTitle "IM"]
[WhiteElo "2440"]
[BlackElo "2504"]
[WhiteFideId "1613880"]
[BlackFideId "14104059"]
[EventDate "2017.12.15"]
[EventType "blitz"]

1. e4 c6 2. d4 d5 3. exd5 cxd5 4. Bd3 Nc6 5. c3 Nf6 6. h3 e5 7. dxe5 Nxe5 8. Nf3
Nxd3+ 9. Qxd3 Be7 10. O-O O-O 11. Be3 Re8 12. Nbd2 Be6 13. Nd4 Bf8 14. Rfe1 h6
15. Bf4 a6 16. Nxe6 fxe6 17. Nb3 Bd6 18. Bxd6 Qxd6 19. c4 Rad8 20. Rad1 Qf4 21.
Nc5 Qxc4 22. Nxb7 Qxd3 23. Rxd3 Rb8 24. Nc5 Rxb2 25. Ra3 Rc8 26. Nd3 Rd2 27.
Rxe6 Rcc2 28. Rexa6 Ne4 29. Rg6 Nxf2 30. Ra7 Nxd3 31. Rgxg7+ Kf8 32. Raf7+ Ke8
33. Ra7 Kf8 34. Raf7+ Ke8 35. Ra7 Kf8 36. Raf7+ Ke8 1/2-1/2

[Event "European Blitz 2017"]
[Site "Katowice POL"]
[Date "2017.12.15"]
[Round "8.19"]
[White "Moskalenko, Alexander"]
[Black "Kantans, Toms"]
[Result "1/2-1/2"]
[WhiteTitle "IM"]
[BlackTitle "GM"]
[WhiteElo "2522"]
[BlackElo "2484"]
[WhiteFideId "4155351"]
[BlackFideId "11602945"]
[EventDate "2017.12.15"]
[EventType "blitz"]

1. d4 Nf6 2. Nf3 g6 3. Nbd2 d5 4. e3 Bg7 5. b4 O-O 6. Bb2 a5 7. b5 a4 8. c4 c6
9. Bd3 Qa5 10. Qc2 dxc4 11. Qxc4 Be6 12. Qc3 Qxc3 13. Bxc3 Nd5 14. Rc1 Nxc3 15.
Rxc3 Bxa2 16. Ke2 Bd5 17. Ra1 cxb5 18. Bxb5 Bc6 19. Bxc6 Nxc6 20. Rc4 a3 21. Nb1
e5 22. dxe5 Nxe5 23. Nxe5 b5 24. Rc5 b4 25. Ra2 Rfc8 26. Nd3 Bf8 27. Rxc8 Rxc8
28. Nd2 Rc3 29. Ne4 Rc6 30. Nd2 Rc3 31. Nb1 Rc6 32. Nd2 Rc3 33. Ne4 Rc6 34. Nd2 1/2-1/2

[Event "European Blitz 2017"]
[Site "Katowice POL"]
[Date "2017.12.15"]
[Round "8.20"]
[White "Lubczynski, Rafal"]
[Black "Kovalev, Vladislav"]
[Result "0-1"]
[WhiteTitle "IM"]
[BlackTitle "GM"]
[WhiteElo "2429"]
[BlackElo "2639"]
[WhiteFideId "1126091"]
[BlackFideId "13504398"]
[EventDate "2017.12.15"]
[EventType "blitz"]

1. Nf3 Nf6 2. c4 g6 3. b4 Bg7 4. Bb2 O-O 5. g3 d6 6. Bg2 e5 7. O-O e4 8. Ne1 a5
9. a3 axb4 10. axb4 Rxa1 11. Bxa1 Na6 12. Qb3 Be6 13. Nc2 b5 14. Qa3 Nb8 15.
cxb5 d5 16. Nd4 Ng4 17. Nxe6 fxe6 18. Bh3 Qg5 19. Bxg7 Kxg7 20. Qc3+ Kg8 21. f3
exf3 22. exf3 Nf6 23. Bxe6+ Kh8 24. f4 Qh5 25. Re1 g5 26. Re5 Qd1+ 27. Kg2 gxf4
28. gxf4 Qxb1 29. Rf5 Qe4+ 0-1